A Million Dreams - Lyrics - Statistics

General Stats
  • This quiz has been taken 120 times
  • The average score is 48 of 53
Answer Stats
Answer % Correct
That I call {my} own
98%
But it {feels} like home
97%
I close my {eyes} and I can see
97%
They can say, they can say it all sounds {crazy}
97%
A million dreams are keeping me {awake }
95%
A million dreams is all it's gonna {take}
95%
A {vision} of the one I see
95%
A world that's {waiting} up for me
95%
Every night I {lie} in bed
95%
I don't care, I don't care, so {call} me crazy
95%
I think of what the {world} could be
95%
They can say, they can say I lost my {mind}
95%
A {million} dreams are keeping me awake
94%
A million {dreams} is all it's gonna take
94%
A millon dreams for the world we're gonna {make}
94%
The {brightest} colours fill my head
94%
Through where no-one's been {before}
94%
A million dreams for the world we're {gonna} make
92%
Every {night} I lie in bed
92%
I don't care, I don't care if {they} call us crazy
92%
Run { away} to a world that we design
92%
They brightest colours fill my {head}
92%
Through the {dark}
92%
With things from far {away}
92%
A vision of the one I {see}
90%
I close my eyes to {see}
90%
I {think} of what the world could be
90%
I think of what the world {could} be
90%
They can say, they can say it all { sounds } crazy
90%
We can live in a world that we {design}
90%
A million dreams are {keeping} me awake
89%
A vision of the {one} I see
89%
Every night I lie in { bed }
89%
There's a {house } we can build
89%
Every room inside is {filled}
87%
For the world {we're} gonna make
87%
However {small}
87%
Let me be a {part} of it all
87%
They can say, they can say {we've} lost our minds
87%
To the world I {close} my eyes to see
87%
A million dreams is { all } it's gonna take
86%
Each one there to make you {smile}
86%
However { big}
86%
The brightest {colours} fill my head
86%
A million dreams {for } the world we're gonna make
84%
On a {rainy} day
84%
{Share} your dreams with me
84%
Through the {door}
83%
You may be {right}
83%
You may be {wrong}
83%
But say that you'll {bring} me along
78%
To the world {you} see
75%
Special things I {compile}
71%
No matching quizzes found
Score Distribution
Percent of People with Each Score
Percentile by Number Answered
Your Score History
You have not taken this quiz